Andhaarmaya Prakaasha (Record no. 350027)

MARC details
000 -LEADER
fixed length control field 003740000a22001690004500
005 - DATE AND TIME OF LATEST TRANSACTION
control field 20120302060026.0
040 ## - CATALOGING SOURCE
Original cataloging agency MAR
100 ## - MAIN ENTRY--PERSONAL NAME
Personal name Sangawaar,Srikant
245 ## - TITLE STATEMENT
Title Andhaarmaya Prakaasha
260 ## - PUBLICATION, DISTRIBUTION, ETC. (IMPRINT)
Place of publication, distribution, etc Pune:Sulekha Prakaashan,1987.
300 ## - PHYSICAL DESCRIPTION
Extent 110p.
365 ## - TRADE PRICE
Price amount 20/-
650 ## - SUBJECT ADDED ENTRY--TOPICAL TERM
Topical term or geographic name as entry element Vaangamaya
650 ## - SUBJECT ADDED ENTRY--TOPICAL TERM
Topical term or geographic name as entry element Naatak
650 ## - SUBJECT ADDED ENTRY--TOPICAL TERM
Topical term or geographic name as entry element Saamaajika Naatak
942 ## - ADDED ENTRY ELEMENTS (KOHA)
Koha item type Book
Holdings
Withdrawn status Lost status Damaged status Not for loan Home library Current library Date acquired Total Checkouts Barcode Date last seen Price effective from
        Institute For Oriental Study, Thane Institute For Oriental Study, Thane 12/02/2009   IOS-14716 12/02/2009 12/02/2009